[Event "Guernsey op"]
[Site "Grand Havre Bay"]
[Date "2010.10.20"]
[Round "4"]
[White "Goris Schouwstra, Adry"]
[Black "Browing, David"]
[Result "1/2-1/2"]
[WhiteElo "1911"]
[BlackElo "2270"]
[PlyCount "59"]
[EventDate "2010.10.17"]
[EventType "swiss"]
[EventRounds "7"]
[EventCountry "GCI"]
[SourceTitle "EXT 2011"]
[Source "ChessBase"]
[SourceDate "2010.11.26"]
[SourceVersion "1"]
[SourceVersionDate "2010.11.26"]
[SourceQuality "1"]

1. d4 b6 2. Nf3 Bb7 3. e3 e6 4. Be2 c5 5. 0-0 Nf6 6. c4 Be7 7. Nc3 0-0 8. d5 exd5 9. cxd5 d6 10. e4 Nbd7 11. h3 Re8 12. Nd2 Bf8 13. f4 a6 14. a4 Qc7 15. Qc2 g6 16. Nc4 Bg7 17. Be3 Kh8 18. Bf2 Ng8 19. Rad1 Ne7 20. Bf3 Qb8 21. Rfe1 Ra7 22. Bg4 Bc8 23. Bg3 Nf6 24. Bxc8 Nxc8 25. Bh2 Rae7 26. Nd2 Nd7 27. Nf3 Kg8 28. Qd3 Qb7 29. e5 dxe5 30. fxe5 1/2-1/2